عرض عادي
عرض مارك
- Diagnostic imaging.
مدخل مصطلح موضوعي
001 - رقم الضبط
- حقل الضبط: 64346
003 - معرف رقم الضبط
- حقل الضبط: OSt
005 - تاريخ ووقت أخر عملية
- حقل الضبط: 20180817201424.0
008 - عناصر بيانات ثابتة الطول
- حقل تحكم ثابت الطول: 180817|| aca||aabn | a|a d
040 ## - مصدر الفهرسة
- هيئة الفهرسة الأصلية: OSt
- وكالة الكتابة: OSt
150 ## - مدخل-- مصطلح تاريخي
- عنصر مدخل المصطلح الموضوعي او الاسم الجغرافي: Diagnostic imaging.
670 ## - بيانات المصدر موجوده
- الاستشهاد بالمصدر: Work cat.: (OSt)42539: Wolbarst, Anthony B. 63962, Physics of radiology /, 2005.
